000 00760nam a2200205Ia 4500
003 GCL
008 140319s9999 xx 000 0 ara d
040 _aGCL /
_cGCL
082 0 4 _a142.7
_bا س
100 1 _aالبيريس ر.م
245 1 0 _aسارتر والوجودية : دراسة مبسطة وافية عن مفهوم الوجودية لدى سارتر فى اثارة الفلسفية والادبية (هدية من الاديب عبدالفتاح الجمل) /
_cالبيريس ر.م
700 1 _aسيل اوريس
300 _a168 ص
490 _a
650 0 4 _aالوجودية
650 0 4 _aالحاسبات الالكترونية
650 0 4 _aالفلسفة الغربية
650 0 4 _aسارتر، جان بول
942 _2ddc
_cBK
999 _c42049
_d42049